| 000 | 00437nam a22001577a 4500 | ||
|---|---|---|---|
| 003 | CEME | ||
| 005 | 20210628203728.0 | ||
| 008 | 210317b xxu||||| |||| 00| 0 eng d | ||
| 040 | _c. | ||
| 082 | _a621.3 PRO'N | ||
| 100 |
_aNagrial, M. H. Dr _967045 |
||
| 245 | _aProcedings of the symposium on drives servos and control (dsc) 19 feb 1992 | ||
| 260 |
_aNEPEAN _bUIVERSITY OF WESTERN SYDANY _c1992 |
||
| 300 | _a9.5P | ||
| 942 |
_cBK _2ddc |
||
| 999 |
_c574900 _d574900 |
||